Dirección estratégica
Uloženo v:
| Hlavní autor: | |
|---|---|
| Médium: | Kniha |
| Jazyk: | španělština |
| Vydáno: |
Ciudad de México
McGraw-Hill
2004
|
| Témata: | |
| Tagy: |
Přidat tag
Žádné tagy, Buďte první, kdo vytvoří štítek k tomuto záznamu!
|
MARC
| LEADER | 00000nam a2200000 a 4500 | ||
|---|---|---|---|
| 001 | UCG2268 | ||
| 003 | CL-VaPUC | ||
| 008 | 100701e20040000MX |||||||||||||||||spa|d | ||
| 020 | |a 9701043685 | ||
| 082 | 0 | 4 | |a 658.4012 |b ACE |2 21 |
| 100 | 0 | |a Aceves Ramos, Víctor Daniel |e author |9 550687 | |
| 245 | 1 | 0 | |a Dirección estratégica |
| 300 | |a 367 p | ||
| 942 | |c BK | ||
| 945 | |d 20100701 00:00:00 |a dcastane | ||
| 260 | |a Ciudad de México |b McGraw-Hill |c 2004 | ||
| 650 | 0 | |a Planificación estratégica |9 259735 | |
| 650 | 0 | |a Gestión administrativa |9 375217 | |
| 650 | 0 | |a Empresa |9 350507 | |
| 650 | 0 | |a Competitividad |9 308495 | |
| 583 | |a last modification |c 20100701 00:00:00 |k Rodrigo Vera | ||
| 999 | |c 341489 |d 341487 | ||